NBA Best Player by Draft Pick - Statistics

General Stats
  • This quiz has been taken 50 times
  • The average score is 17 of 30
Answer Stats
Pick Team Retired Player % Correct
1 Cavaliers Active LeBron James
100%
2 Celtics 1969 Bill Russell
93%
5 Timberwolves 2016 Kevin Garnett
89%
7 Warriors Active Stephen Curry
89%
6 Celtics 1992 Larry Bird
86%
3 Bulls 2003 Michael Jordan
86%
15 Bucks Active Giannis Antetokounmpo
84%
4 Clippers 2026 Chris Paul
82%
9 Mavericks 2019 Dirk Nowitzki
77%
13 Lakers 2016 Kobe Bryant
77%
16 Jazz 2003 John Stockton
73%
11 Pacers 2005 Reggie Miller
73%
12 76ers 1987 Julius Erving
70%
14 Trail Blazers 1998 Clyde Drexler
68%
10 Celtics 2017 Paul Pierce
66%
30 Heat Active Jimmy Butler
59%
28 Spurs 2019 Tony Parker
59%
18 Pistons 1999 Joe Dumars
50%
8 Celtics 1997 Robert Parish
50%
22 Cavaliers Active Jarrett Allen
41%
24 Raptors Active Kyle Lowry
41%
29 Celtics 1990 Dennis Johnson
39%
27 Pistons 2000 Dennis Rodman
39%
23 Nuggets 1991 Alex English
36%
20 Cavaliers 1994 Larry Nance
25%
19 Kings 1984 Nate Archibald
25%
17 Celtics 1961 Bill Sharman
14%
26 Lakers 2005 Vlade Divac
14%
21 Hawks 1970 Cliff Hagan
9%
25 Trail Blazers Active Nicolas Batum
7%
No matching quizzes found
Score Distribution
Percent of People with Each Score
Percentile by Number Answered
Your Score History
You have not taken this quiz